| 000 | 00782nam a22002417a 4500 | ||
|---|---|---|---|
| 005 | 20170124110016.0 | ||
| 010 | _aA-716272 | ||
| 020 | _c125.00 | ||
| 035 | _aA-716272 | ||
| 037 | _bCen Lib/Ret | ||
| 040 |
_aDPL _bEN |
||
| 082 |
_a350 _bSHA |
||
| 100 |
_aSharma, M.P. _918698 |
||
| 245 |
_aPublic administration in theory and practice / _cby M.P.Sharma [and] B.L.Sadana |
||
| 260 |
_aNew Delhi _bKitab Mahal Distributors _c1995 |
||
| 270 |
_bNew Delhi _a28, Netaji Subhash Marg _e110022 |
||
| 300 |
_axii,736p. _c20cm(Hb) |
||
| 500 | _aIncludes bibliographical references and index | ||
| 650 |
_aPublic administration. _94733 |
||
| 650 |
_aPersonnel and Financial Administration. _918699 |
||
| 700 |
_aSadana, B.L. _918700 |
||
| 942 |
_2ddc _cEN _h350 _mSHA |
||
| 999 |
_c126867 _d126867 |
||